00346cam a2200133 i 4500020001500000082001500015100002100030245005000051260003700101300002500138650001400163650002400177650001100201 a072163045600a574.87 DEW1 aDeWitt, William.10aBiology of the cell :an evolutionary approach aPhiladelphia :bSaunders,c1977. aix, 568 p. :bill. ; 0aCytology. 0aEvolution (Biology) 2aCells.